[Event "34th Chess Olympiad (men)"]
[Site "Istanbul"]
[Date "2000.10.29"]
[Round "2.2.3"]
[White "Mynn, Htoo"]
[Black "Portisch, Lajos"]
[WhiteElo "2537"]
[BlackElo "2573"]
[WhiteCountry "MYA"]
[BlackCountry "HUN"]
[Result "0-1"]

1. d4 d5 2. Nf3 Nf6 3. Bg5 c5 4. e3 cxd4 5. exd4 Qb6 6. Bc1 Bg4 7. Be2 e6 
8. Nbd2 Nc6 9. c3 Qc7 10. O-O Bd6 11. Re1 O-O 12. Nf1 Rae8 13. Ne5 Bxe2 
14. Qxe2 Bxe5 15. dxe5 Nd7 16. f4 f6 17. exf6 Nxf6 18. Be3 e5 19. fxe5 Rxe5 
20. h3 Rfe8 21. Qd3 Qf7 22. Nd2 Qe7 23. Bf2 Ne4 24. Nf3 Qf7 25. Bd4 R5e6 
26. Rf1 Qh5 27. Nh2 Nxd4 28. cxd4 Qg5 29. Nf3 Qg3 30. Ne1 Qd6 31. Nf3 h6 
32. Rfc1 Qg3 33. Ne5 Qf2+ 34. Kh2 Qf4+ 35. Kg1 Qf2+ 36. Kh2 Qf4+ 37. Kg1 Rb6 
38. Rc2 Qg5 39. Nf3 Qg3 40. Ne5 Qg5 41. Rf1 a6 42. b3 Rf6 43. Rxf6 gxf6 
44. Nf3 Qg3 45. Qe3 Kh7 46. Qe1 Qd6 47. Qh4 Rg8 48. Qh5 Ng3 
0-1

[Event "34th Chess Olympiad (men)"]
[Site "Istanbul"]
[Date "2000.10.29"]
[Round "2.3.4"]
[White "Yoos, Jack"]
[Black "Gelashvili, Tamaz"]
[WhiteElo "2000"]
[BlackElo "2519"]
[WhiteCountry "CAN"]
[BlackCountry "GEO"]
[Result "0-1"]

1. Nf3 Nf6 2. d4 e6 3. h3 Bb4+ 4. Nbd2 Bxd2+ 5. Nxd2 O-O 6. c4 Nc6 7. Nf3 a5 
8. Ne5 a4 9. d5 g5 10. Nxf7 Kg7 11. h4 gxh4 
0-1

[Event "34th Chess Olympiad (men)"]
[Site "Istanbul"]
[Date "2000.10.29"]
[Round "2.4.1"]
[White "Zulfugarli, Magomed"]
[Black "Jussupow, Artur"]
[WhiteElo "2510"]
[BlackElo "2610"]
[WhiteCountry "AZE"]
[BlackCountry "GER"]
[Result "1/2-1/2"]

1. e4 e5 2. Nf3 Nf6 3. Nxe5 d6 4. Nf3 Nxe4 5. d4 d5 6. Bd3 Nc6 7. O-O Be7 
8. c4 Nf6 9. Nc3 Be6 10. cxd5 Nxd5 11. h3 O-O 12. Re1 Bf6 13. Be4 h6 14. a3 Qd7 
15. Qd3 Rad8 16. Bf5 Nxc3 17. Qxc3 Bxf5 18. Qxc6 bxc6 
1/2-1/2

[Event "34th Chess Olympiad (men)"]
[Site "Istanbul"]
[Date "2000.10.29"]
[Round "2.4.4"]
[White "Lutz, Christopher"]
[Black "Bagirov, Rufat"]
[WhiteElo "2595"]
[BlackElo "2471"]
[WhiteCountry "GER"]
[BlackCountry "AZE"]
[Result "1-0"]

1. e4 e6 2. d4 d5 3. Nd2 Nf6 4. e5 Nfd7 5. Bd3 c5 6. c3 Nc6 7. Ne2 cxd4 
8. cxd4 f6 9. exf6 Nxf6 10. Nf3 Bd6 11. O-O O-O 12. Bf4 Bxf4 13. Nxf4 Ne4 
14. Qc1 Ng5 15. Nxg5 Qxg5 16. Ne2 Qf6 17. Qe3 Bd7 18. Bb5 Rac8 19. Bxc6 Rxc6 
20. Rfc1 Rfc8 21. Rxc6 Rxc6 22. Nc3 Rc4 23. Rd1 h6 24. h3 a6 25. Rd2 b5 
26. a3 Qg5 27. Qxg5 hxg5 28. f3 Be8 29. Nd1 Rc1 30. Kf2 Bg6 31. Ne3 Rb1 
32. Ng4 Kf7 33. Ne5+ Kf6 34. Nd7+ Kf7 35. Nb8 a5 36. Nc6 a4 37. Na7 Rc1 
38. Nxb5 Bc2 39. Nc7 Bb3 40. Na6 Rc8 41. Nc5 e5 42. Ke3 exd4+ 43. Kxd4 
1-0

[Event "34th Chess Olympiad (men)"]
[Site "Istanbul"]
[Date "2000.10.29"]
[Round "2.5.1"]
[White "Rowson, Jonathan"]
[Black "Vaganian, Rafael A"]
[WhiteElo "2494"]
[BlackElo "2623"]
[WhiteCountry "SCO"]
[BlackCountry "ARM"]
[Result "1/2-1/2"]

1. e4 e6 2. d4 d5 3. Nc3 Bb4 4. e5 c5 5. a3 Ba5 6. Qg4 Ne7 7. dxc5 Bxc3+ 
8. bxc3 Ng6 9. Nf3 Qa5 10. Bd2 Nd7 11. c4 Qa4 12. Qd4 dxc4 13. Bxc4 O-O 
14. Bb4 a5 15. O-O Qc6 16. Bd2 Nxc5 17. Be3 b6 18. Rab1 Bb7 19. Rfd1 Rfc8 
20. Bf1 Qc7 21. Qd6 Bxf3 22. gxf3 Nxe5 23. Qxc7 Rxc7 24. Bf4 Nxf3+ 25. Kg2 e5 
26. Bg3 Ng5 27. Bxe5 Rc6 28. Rd6 Rxd6 29. Bxd6 Na4 30. Re1 Ne6 31. Bc4 Rd8 
32. Bg3 Rd4 33. Bxe6 fxe6 34. Rxe6 Rc4 35. Re7 Rc5 36. Rb7 h6 37. Bc7 Kh7 
38. Bd6 Rd5 39. Bf8 Rg5+ 40. Kf1 Kg8 41. Bd6 Rd5 42. Bf4 Kh7 43. Be3 Kg6 
44. Kg2 Rd6 45. c3 Nxc3 46. Bxb6 Rd3 47. Bxa5 Nd5 48. Bc7 
1/2-1/2

[Event "34th Chess Olympiad (men)"]
[Site "Istanbul"]
[Date "2000.10.29"]
[Round "2.5.2"]
[White "Minasian, Artashes"]
[Black "Motwani, Paul"]
[WhiteElo "2595"]
[BlackElo "2464"]
[WhiteCountry "ARM"]
[BlackCountry "SCO"]
[Result "1/2-1/2"]

1. Nf3 d5 2. g3 g6 3. c4 dxc4 4. Na3 Bg7 5. Nxc4 Nc6 6. Bg2 e5 7. d3 Nge7 
8. O-O O-O 9. Bd2 Re8 10. b4 Nd5 11. Rb1 Nd4 12. Na5 Rb8 13. e3 Nxf3+ 
14. Bxf3 Be6 15. b5 Qd7 16. Qc2 Red8 17. Rfc1 h5 18. h4 Bf6 19. a4 Bg4 
20. Be4 Be6 21. Bc3 Bg7 22. Ba1 f5 23. Bg2 f4 24. Nc4 fxe3 25. fxe3 Qe7 
26. Be4 g5 27. Qe2 Nf6 28. Bg6 gxh4 29. Nxe5 Bg4 30. Qe1 Qd6 31. Be4 hxg3 
32. Rc4 Rf8 33. Rd4 Qd5 34. Bxd5+ Kh8 35. Qxg3 c5 36. bxc6ep 
1/2-1/2

[Event "34th Chess Olympiad (men)"]
[Site "Istanbul"]
[Date "2000.10.29"]
[Round "2.6.1"]
[White "Shirov, Alexei"]
[Black "Annageldyev, Orazly"]
[WhiteElo "2746"]
[BlackElo "2491"]
[WhiteCountry "ESP"]
[BlackCountry "TKM"]
[Result "1-0"]

1. e4 c5 2. Nf3 Nc6 3. d4 cxd4 4. Nxd4 e5 5. Nb5 d6 6. N1c3 a6 7. Na3 b5 
8. Nd5 Nce7 9. c4 Nxd5 10. exd5 Nf6 11. cxb5 Be7 12. Bc4 O-O 13. O-O Bg4 
14. Qb3 Rb8 15. Be3 Bd7 16. Rad1 Ng4 17. Ba7 axb5 18. Bxb8 bxc4 19. Qb7 Qc8 
20. Qa7 f5 21. Nxc4 Rf6 22. Nb6 Qe8 23. Qxd7 Qh5 24. h3 Nxf2 25. Kxf2 
1-0

[Event "34th Chess Olympiad (men)"]
[Site "Istanbul"]
[Date "2000.10.29"]
[Round "2.6.4"]
[White "Odeev, Handszar"]
[Black "Magem, Badals Jordi"]
[WhiteElo "2442"]
[BlackElo "2482"]
[WhiteCountry "TKM"]
[BlackCountry "ESP"]
[Result "1/2-1/2"]

1. e4 c5 2. Nf3 Nc6 3. Nd4 Qc7 4. Nc3 e6 5. Be2 a6 6. O-O Nf6 7. Kh1 b5 
8. f4 Bb7 9. Bf3 h5 10. e5 Ng4 11. Ne4 Be7 12. a4 Rc8 13. d3 O-O 14. Re1 bxa4 
15. Rxa4 Ra8 16. Nxe6 dxe6 17. d4 Bf6 18. g3 Rad8 19. Nd6 Rxd6 20. Kg2 g6 
21. Ra1 Ra8 22. Ra4 c4 23. Rxc4 
1/2-1/2

[Event "34th Chess Olympiad (men)"]
[Site "Istanbul"]
[Date "2000.10.29"]
[Round "2.7.2"]
[White "Dydyshko, Viacheslav"]
[Black "Yrjola, Jouni"]
[WhiteElo "2525"]
[BlackElo "2442"]
[WhiteCountry "BLR"]
[BlackCountry "FIN"]
[Result "1/2-1/2"]

1. d4 d6 2. Nf3 g6 3. e4 Bg7 4. Bc4 Nf6 5. Qe2 O-O 6. O-O Nc6 7. Rd1 Bg4 
8. h3 Bxf3 9. Qxf3 Nd7 10. c3 e5 11. Be3 Nb6 12. Bb3 exd4 13. cxd4 a5 14. a3 a4 
15. Ba2 Na5 16. Nd2 c6 17. Rac1 Kh8 18. Qg3 d5 19. Bf4 Qd7 20. Bd6 Rfe8 
21. e5 Nc8 22. Bb4 b5 23. Bxa5 Rxa5 24. Qc3 Ra6 25. f4 f6 26. Rf1 Rf8 
27. Bb1 Qe7 28. Rce1 Rb6 29. Nf3 fxe5 30. fxe5 Kg8 31. Nh2 b4 32. axb4 Qxb4 
33. Rxf8+ Bxf8 34. Qe3 c5 35. Ng4 
1/2-1/2

[Event "34th Chess Olympiad (men)"]
[Site "Istanbul"]
[Date "2000.10.29"]
[Round "2.7.4"]
[White "Azarov, Sergei"]
[Black "Kallio, Heikki"]
[WhiteElo "2420"]
[BlackElo "2451"]
[WhiteCountry "BLR"]
[BlackCountry "FIN"]
[Result "1/2-1/2"]

1. e4 d6 2. d4 Nf6 3. Nc3 g6 4. Nf3 Bg7 5. Be2 c6 6. a4 O-O 7. O-O Bg4 
8. Be3 Nbd7 9. h3 Bxf3 10. Bxf3 Ne5 11. Be2 Re8 12. Qd2 Qc7 13. Rfd1 Rad8 
14. Bg5 a5 15. Be3 Qc8 16. Bf4 Qc7 17. Kf1 h5 18. Ke1 c5 19. dxc5 dxc5 20. Qd5 
1/2-1/2

[Event "34th Chess Olympiad (men)"]
[Site "Istanbul"]
[Date "2000.10.29"]
[Round "2.8.1"]
[White "Vera, Reynaldo"]
[Black "Baburin, Alexander"]
[WhiteElo "2584"]
[BlackElo "2590"]
[WhiteCountry "CUB"]
[BlackCountry "IRL"]
[Result "1/2-1/2"]

1. d4 d5 2. c4 dxc4 3. e3 e6 4. Bxc4 c5 5. Nf3 a6 6. O-O Nf6 7. Bb3 cxd4 
8. exd4 Nc6 9. Nc3 Be7 10. Re1 O-O 11. a3 Qd6 12. Re4 Qf4 13. Bxf4 Bd7 
14. Rc1 Rac8 15. Bd5 Bxa3 16. h3 Bd6 17. Bxd6 a5 18. Bxf8 Rxf8 19. Kh2 g6 
20. h4 h5 21. g3 Kg7 22. Kg2 
1/2-1/2

[Event "34th Chess Olympiad (men)"]
[Site "Istanbul"]
[Date "2000.10.29"]
[Round "2.8.4"]
[White "Daly, Colm"]
[Black "Perez, Rodney"]
[WhiteElo "2357"]
[BlackElo "2478"]
[WhiteCountry "IRL"]
[BlackCountry "CUB"]
[Result "1/2-1/2"]

1. Nf3 d5 2. d4 Nf6 3. c4 c6 4. cxd5 cxd5 5. Nc3 Nc6 6. Bf4 a6 7. e3 Bg4 
8. Be2 e6 9. O-O Qd6 10. Ne1 Bxe2 11. Qxe2 Rc8 12. Nd3 Rc7 13. Rfc1 h6 
14. Na4 e5 15. Nb6 Nxd4 16. exd4 Qxb6 17. dxe5 Ne4 18. Rxc7 Qxc7 19. f3 Qb6+ 
20. Kh1 Ng5 21. h4 Ne6 22. g3 Qc6 23. Kg2 d4 24. Kh2 Qc4 25. b3 Qd5 
26. Nc5 Qxc5 27. Qe4 Qc3 
1/2-1/2

[Event "34th Chess Olympiad (men)"]
[Site "Istanbul"]
[Date "2000.10.29"]
[Round "2.9.1"]
[White "El Taher, Fouad"]
[Black "Ftacnik, Lubomir"]
[WhiteElo "2485"]
[BlackElo "2608"]
[WhiteCountry "EGY"]
[BlackCountry "SVK"]
[Result "1/2-1/2"]

1. e4 c5 2. Nf3 d6 3. c4 a6 4. b3 Nc6 5. Nc3 Bg4 6. Be2 Nf6 7. Bb2 Qa5 
8. O-O Bxf3 9. Bxf3 Nd7 10. h3 Rd8 11. Rc1 b5 12. Be2 e6 13. cxb5 g6 
14. b6 Qxb6 15. Bc4 e5 16. d4 Nxd4 17. Kh2 d5 18. b4 cxb4 19. g3 Qc7 
20. Kg2 Qxc4 
1/2-1/2

[Event "34th Chess Olympiad (men)"]
[Site "Istanbul"]
[Date "2000.10.29"]
[Round "2.9.2"]
[White "Stohl, Igor"]
[Black "Labib, Ibrahim Hasan"]
[WhiteElo "2578"]
[BlackElo "2426"]
[WhiteCountry "SVK"]
[BlackCountry "EGY"]
[Result "1/2-1/2"]

1. c4 Nf6 2. Nc3 e5 3. Nf3 Nc6 4. e3 Bd6 5. a3 O-O 6. d4 exd4 7. exd4 Re8+ 
8. Be2 Bf8 9. Bg5 h6 10. Bh4 d6 11. O-O g5 12. Bg3 Nh5 13. d5 Nxg3 14. fxg3 Ne5 
15. Nd4 Bg7 16. Nf5 Bxf5 17. Rxf5 Qd7 18. Qc2 Re7 19. Raf1 Rae8 20. h3 Ng6 
21. Bh5 Re1 22. Kh2 Rxf1 23. Rxf1 Re3 24. Nd1 Re5 25. Qf2 Qe7 26. Qxa7 b6 
27. Qb8+ Kh7 28. Qc8 Re1 29. Qf5 Bd4 30. Qd3 Rxf1 31. Qxf1 Kg7 32. Qe2 Qxe2 
33. Bxe2 Kf6 34. g4 Nf4 35. Bf1 Ke5 
1/2-1/2

[Event "34th Chess Olympiad (men)"]
[Site "Istanbul"]
[Date "2000.10.29"]
[Round "2.9.3"]
[White "El Arousy Abdul, Hameed"]
[Black "Timoscenko, Genadij"]
[WhiteElo "2363"]
[BlackElo "2529"]
[WhiteCountry "EGY"]
[BlackCountry "SVK"]
[Result "0-1"]

1. e4 c5 2. Nf3 e6 3. Nd4 a6 4. Nc3 Qc7 5. Be2 Nf6 6. O-O d6 7. a3 b5 
8. Bd3 Bb7 9. f4 Nbd7 10. Qf3 Be7 11. Kh1 O-O 12. Qh3 Rfe8 13. Nxe6 Kh8 
14. Rd1 Kg8 15. Nxb5 a5 
0-1

[Event "34th Chess Olympiad (men)"]
[Site "Istanbul"]
[Date "2000.10.29"]
[Round "2.9.4"]
[White "Mrva, Martin"]
[Black "Abou, El Zein Eid Mahmoud"]
[WhiteElo "2468"]
[BlackElo "2352"]
[WhiteCountry "SVK"]
[BlackCountry "EGY"]
[Result "1-0"]

1. e4 c5 2. Nf3 Nc6 3. d4 cxd4 4. Nxd4 Nf6 5. Nc3 e5 6. Nxc6 bxc6 7. Bc4 Bb4 
8. Bg5 h6 9. Bxf6 Qxf6 10. O-O O-O 11. Qe2 d6 12. Na4 Ba5 13. Rad1 Bc7 
14. Rd3 Be6 15. Bxe6 Qxe6 16. Rc3 c5 17. Rg3 f5 18. Nc3 Rf7 19. exf5 Rxf5 
20. Qg4 Qf7 21. Nd5 Bd8 22. Qe4 Rb8 23. Rb3 Rb7 24. Rb4 Qd7 25. Rd1 Rf7 
26. Ne3 Qe6 27. Qd5 Qxd5 28. Nxd5 Rbd7 29. f3 Rc7 30. Rb7 Rxb7 31. Ra1 Bh4 
32. g3 Bg5 33. f4 exf4 34. gxf4 Bd8 35. f5 Bb6 36. Nxb6 axb6 37. f6 
1-0

[Event "34th Chess Olympiad (men)"]
[Site "Istanbul"]
[Date "2000.10.29"]
[Round "2.10.1"]
[White "Bauer, Christian"]
[Black "Ghaem, Maghami Ehsan"]
[WhiteElo "2562"]
[BlackElo "2488"]
[WhiteCountry "FRA"]
[BlackCountry "IRI"]
[Result "1/2-1/2"]

1. e4 c5 2. Nc3 e6 3. Nf3 a6 4. Nd4 b5 5. Bd3 Bb7 6. O-O Qc7 7. Re1 Nf6 
8. e5 Bd5 9. a4 b4 10. Qg4 Nc6 11. Nf3 h6 12. Be4 g6 13. Nxd5 Nxd5 14. c3 Rc8 
15. Qh3 bxc3 16. bxc3 h5 17. c4 
1/2-1/2

[Event "34th Chess Olympiad (men)"]
[Site "Istanbul"]
[Date "2000.10.29"]
[Round "2.10.2"]
[White "Bagheri, Amir"]
[Black "Nataf, Igor-Alexandre"]
[WhiteElo "2409"]
[BlackElo "2526"]
[WhiteCountry "IRI"]
[BlackCountry "FRA"]
[Result "0-1"]

1. d4 Nf6 2. Nf3 g6 3. Bg5 Bg7 4. Nbd2 O-O 5. c3 d6 6. e4 c5 7. dxc5 dxc5 
8. Bc4 Nc6 9. O-O Qc7 10. Qe2 h6 11. Bh4 Nh5 12. Qe3 b6 13. Rfe1 g5 
14. Rad1 Ng3 15. hxg3 Rd8 16. Nf1 Bb7 17. Be2 a6 18. Rxd8+ Rxd8 19. Rd1 Na5 
20. Bc4 Nxc4 21. Qe2 b5 22. Qc2 Qc6 23. N3d2 Qe6 24. a3 Nd6 25. f3 c4 
26. Ne3 Qe5 27. Ndf1 a5 28. Qf2 b4 29. axb4 axb4 30. cxb4 Qxb2 31. Qxb2 Bxb2 
32. Nc2 e6 33. Nfe3 f5 34. exf5 exf5 35. Kf2 Ba6 36. Nd5 Kf7 37. Ke3 Bb5 
38. Kd2 Ba4 39. Nce3 Ke6 40. Nc3 Bb3 41. g4 f4 
0-1

[Event "34th Chess Olympiad (men)"]
[Site "Istanbul"]
[Date "2000.10.29"]
[Round "2.10.3"]
[White "Degraeve, Jean-Marc"]
[Black "Mahjoob, Morteza"]
[WhiteElo "2540"]
[BlackElo "2337"]
[WhiteCountry "FRA"]
[BlackCountry "IRI"]
[Result "1/2-1/2"]

1. e4 c5 2. Nf3 e6 3. c3 d5 4. e5 d4 5. Bd3 Ne7 6. O-O Nbc6 7. Be4 Bd7 
8. b4 Ng6 9. bxc5 Bxc5 10. Bb2 Qb6 11. Qb3 dxc3 12. Nxc3 Ncxe5 13. Nxe5 Nxe5 
14. Na4 Qxb3 15. axb3 Bd6 16. Nb6 Rb8 17. Nxd7 Kxd7 18. Rxa7 f6 19. Rc1 Rhc8 
20. Rxc8 Kxc8 21. d4 Nc6 22. Ra4 Kd7 23. g3 h6 24. Bd5 Be5 25. Ba3 Rd8 
26. Bc4 Kc7 27. Bf8 Nxd4 28. Bb4 Nf5 29. Kg2 Kc6 30. Bd6 Bxd6 31. Kh3 Bc5 
32. Kg2 Bb4 33. Be2 Nxg3 34. fxg3 b5 35. Kf3 Kd7 36. Kg4 Ke7 37. h4 Bd6 
1/2-1/2

[Event "34th Chess Olympiad (men)"]
[Site "Istanbul"]
[Date "2000.10.29"]
[Round "2.10.4"]
[White "Mallahi, Amir"]
[Black "Apicella, Manuel"]
[WhiteElo "2389"]
[BlackElo "2506"]
[WhiteCountry "IRI"]
[BlackCountry "FRA"]
[Result "1/2-1/2"]

1. e4 e6 2. d4 d5 3. Nc3 Bb4 4. Bd3 dxe4 5. Bxe4 Nf6 6. Bd3 O-O 7. Nf3 b6 
8. Bg5 Bb7 9. Qe2 Nbd7 10. Ne5 Be7 11. O-O-O Nd5 12. Bxe7 Qxe7 13. Nxd5 Bxd5 
14. h4 Nxe5 15. dxe5 Rfd8 16. Rh3 c5 17. Qh5 g6 18. Qg4 c4 19. Be2 c3 
20. Rxc3 Bxa2 21. Rxd8+ Rxd8 22. h5 Bd5 23. Bd3 Kg7 24. Qf4 Bxg2 25. Bb5 h6 
26. Rg3 Bb7 27. Bd3 g5 28. Qe3 Kh8 29. f4 Rg8 30. Kb1 f5 31. exf6ep 
1/2-1/2

[Event "34th Chess Olympiad (men)"]
[Site "Istanbul"]
[Date "2000.10.29"]
[Round "2.11.3"]
[White "Harikrishna, P"]
[Black "Ganbold, Odondoo"]
[WhiteElo "2500"]
[BlackElo "2405"]
[WhiteCountry "IND"]
[BlackCountry "MGL"]
[Result "1-0"]

1. d4 d6 2. Nf3 Bg4 3. e4 g6 4. Bc4 e6 5. Nbd2 d5 6. Bd3 dxe4 7. Nxe4 h6 
8. O-O Bg7 9. c3 Ne7 10. h3 Bf5 11. Nh4 Bxe4 12. Bxe4 c6 13. Nf3 Nd7 
14. Bf4 Nd5 15. Bh2 O-O 16. Qd2 Re8 17. Rfe1 N5f6 18. Bc2 Nc5 19. Qe2 Qb6 
20. Ne5 Red8 21. Rac1 Rac8 22. b4 Na6 23. Bb3 Nd5 24. Qf3 Rc7 25. Nc4 Qb5 
26. Bxc7 Naxc7 27. Ne5 Rc8 28. Rcd1 Qxb4 29. a3 Nb6 30. cxb4 Nbd5 31. Bxd5 Nxd5 
32. Nxg6 Nc3 33. Nf4 Nxd1 34. Rxd1 Rd8 35. Kh2 a6 36. Nxe6 fxe6 37. g4 Rd6 
38. a4 b5 39. axb5 Rd8 
1-0

[Event "34th Chess Olympiad (men)"]
[Site "Istanbul"]
[Date "2000.10.29"]
[Round "2.11.4"]
[White "Erhembayar, Duurenbayar"]
[Black "Barua, Dibyendu"]
[WhiteElo "2301"]
[BlackElo "2502"]
[WhiteCountry "MGL"]
[BlackCountry "IND"]
[Result "1/2-1/2"]

1. d4 d5 2. c4 e6 3. Nc3 Nf6 4. cxd5 exd5 5. Bg5 c6 6. Qc2 Be7 7. e3 O-O 
8. Bd3 Nbd7 9. Nge2 Re8 10. O-O Nf8 11. f3 Ng6 12. Rad1 h6 13. Bxf6 Bxf6 
14. Bxg6 fxg6 15. e4 Qb6 16. Kh1 Kh7 17. Nxd5 cxd5 
1/2-1/2

[Event "34th Chess Olympiad (men)"]
[Site "Istanbul"]
[Date "2000.10.29"]
[Round "2.12.1"]
[White "Espinosa, Rafael"]
[Black "Ehlvest, Jaan"]
[WhiteElo "2406"]
[BlackElo "2627"]
[WhiteCountry "MEX"]
[BlackCountry "EST"]
[Result "0-1"]

1. e4 g6 2. d4 d6 3. Nc3 c6 4. Be3 Bg7 5. Qd2 b5 6. a4 b4 7. Nd1 Qa5 8. Bd3 Ba6 
9. Ne2 Nf6 10. Nc1 Ng4 11. Nb3 Qb6 12. a5 Qb7 13. Bg5 h6 14. Bh4 O-O 15. h3 Nf6 
16. O-O Nbd7 17. Re1 Bxd3 18. cxd3 c5 19. Bxf6 Bxf6 20. dxc5 Nxc5 21. Nxc5 dxc5 
22. Qxh6 Rad8 23. e5 Bg7 24. Qg5 Rxd3 25. Ne3 Qd7 26. Ng4 Qe6 27. Rad1 Rfd8 
28. Rxd3 Rxd3 29. b3 f5 30. exf6ep 
0-1

[Event "34th Chess Olympiad (men)"]
[Site "Istanbul"]
[Date "2000.10.29"]
[Round "2.12.2"]
[White "Rytshagov, Mikhail"]
[Black "Gonzalez, Garcia Jose"]
[WhiteElo "2529"]
[BlackElo "2440"]
[WhiteCountry "EST"]
[BlackCountry "MEX"]
[Result "1/2-1/2"]

1. e4 c5 2. Nf3 g6 3. d4 Bg7 4. d5 d6 5. Bb5+ Bd7 6. a4 Nf6 7. Nc3 O-O 
8. O-O Bxb5 9. axb5 Nbd7 10. Qe2 Ne8 11. Bf4 Nc7 12. Rfe1 b6 13. Na4 Bc3 
14. Nxc3 Na6 15. Ne5 dxe5 16. h3 Kg7 17. g3 exf4 18. gxf4 Kh6 19. e5 c4 
20. d6 exd6 21. exd6 Kg7 
1/2-1/2

[Event "34th Chess Olympiad (men)"]
[Site "Istanbul"]
[Date "2000.10.29"]
[Round "2.12.4"]
[White "Zjukin, Sergei"]
[Black "Russek, Guil"]
[WhiteElo "2402"]
[BlackElo "2400"]
[WhiteCountry "EST"]
[BlackCountry "MEX"]
[Result "1/2-1/2"]

1. e4 e6 2. d4 d5 3. Nd2 c5 4. exd5 exd5 5. Ngf3 a6 6. dxc5 Bxc5 7. Nb3 Ba7 
8. Qe2+ Ne7 9. Qe3 O-O 10. Nfd4 Nbc6 11. Bd3 Re8 12. Nxc6 a5 13. Qf4 Be6 
1/2-1/2

[Event "34th Chess Olympiad (men)"]
[Site "Istanbul"]
[Date "2000.10.29"]
[Round "2.14.1"]
[White "Torre, Eugenio"]
[Black "Bin Sattar, Reefat"]
[WhiteElo "2552"]
[BlackElo "2467"]
[WhiteCountry "PHI"]
[BlackCountry "BAN"]
[Result "1-0"]

1. e4 e6 2. d4 d5 3. Nc3 dxe4 4. Nxe4 Nd7 5. Nf3 Ngf6 6. Bg5 Be7 7. Nxf6+ Nxf6 
8. Bd3 h6 9. Bd2 O-O 10. Qe2 b6 11. O-O-O Bb7 12. Rhg1 c5 13. dxc5 bxc5 
14. Ne5 Qd4 15. Nc4 Nd5 16. g3 Rab8 17. c3 Qf6 18. Ne5 Nb6 19. Bf4 Bd6 
20. Bb1 Bd5 21. Qd3 Rfd8 22. Qh7+ Kf8 23. Ng6+ fxg6 24. Bxd6+ Rxd6 25. Qh8+ Ke7 
26. Qxb8 Qxf2 27. Bxg6 Qe3+ 28. Kb1 Rd7 29. Rge1 Qf3 30. Qe8+ Kd6 31. Qxe6+ Kc7 
32. Qe5+ Kb7 33. Rxd5 
1-0

[Event "34th Chess Olympiad (men)"]
[Site "Istanbul"]
[Date "2000.10.29"]
[Round "2.14.2"]
[White "Rahman, Ziaur"]
[Black "Villamayor, Bong"]
[WhiteElo "2421"]
[BlackElo "2495"]
[WhiteCountry "BAN"]
[BlackCountry "PHI"]
[Result "1-0"]

1. Nf3 d5 2. d4 Nf6 3. c4 c6 4. Nc3 e6 5. Bg5 h6 6. Bxf6 Qxf6 7. e3 Nd7 
8. Bd3 dxc4 9. Bxc4 g6 10. O-O Bg7 11. b4 O-O 12. a4 Qe7 13. Qb3 Nb6 14. Be2 e5 
15. dxe5 Be6 16. Qb1 Bg4 17. a5 Nd7 18. Ra3 Bxf3 19. gxf3 Bxe5 20. f4 Bxc3 
21. Rxc3 a6 22. Bc4 Kg7 23. Rd3 Nf6 24. Rfd1 Rad8 25. Qb2 Rxd3 26. Rxd3 Re8 
27. h3 g5 28. Rd4 Kf8 29. Qc2 gxf4 30. Rxf4 Qe5 31. Rf5 Qa1+ 32. Kh2 Ke7 
33. f4 Rg8 34. Re5+ Kf8 35. Qf2 Qb1 36. Ba2 Qd3 37. b5 axb5 38. Qb2 Rg6 
39. Bb1 Qd1 40. Bxg6 fxg6 41. Re6 
1-0

[Event "34th Chess Olympiad (men)"]
[Site "Istanbul"]
[Date "2000.10.29"]
[Round "2.14.4"]
[White "Hossain, Rajib"]
[Black "Datu, Idelfonso"]
[WhiteElo "2314"]
[BlackElo "2345"]
[WhiteCountry "BAN"]
[BlackCountry "PHI"]
[Result "1/2-1/2"]

1. e4 e5 2. Nf3 Nc6 3. Bc4 Nf6 4. d3 Be7 5. O-O O-O 6. Re1 d6 7. a4 h6 
8. Nbd2 Nh7 9. a5 a6 10. Nf1 Ng5 11. Ne3 Be6 12. Nd2 Qd7 13. c3 g6 14. h4 Nh7 
15. Bxe6 Qxe6 16. Nd5 Rac8 17. Nf3 h5 18. Qb3 Nd8 19. Nxe7+ Qxe7 20. d4 Kg7 
21. Be3 f6 22. c4 c5 23. dxc5 dxc5 24. Red1 Ne6 25. Rd5 Rf7 26. Qd3 Nd4 
27. Nxd4 cxd4 28. Bd2 Nf8 29. f4 Qc7 30. b3 exf4 31. Qxd4 f3 32. Rd6 fxg2 
33. Kxg2 Re8 34. Bf4 Qc8 35. Bg3 Qg4 36. Re1 Ne6 37. Qf2 g5 38. Kh2 Kg6 
39. Qf5+ Qxf5 40. exf5+ Kxf5 41. c5 Rfe7 42. c6 bxc6 43. Rxc6 Nd4 44. Rf1+ Kg4 
45. Rcxf6 Re1 46. R1f2 Nxb3 47. hxg5 Kxg5 48. R6f5+ 
1/2-1/2

[Event "34th Chess Olympiad (men)"]
[Site "Istanbul"]
[Date "2000.10.29"]
[Round "2.15.2"]
[White "Sanduleac, Vasile"]
[Black "Bastidas, Rodriguez Emilio Jos"]
[WhiteElo "2438"]
[BlackElo "2334"]
[WhiteCountry "MDA"]
[BlackCountry "ECU"]
[Result "1-0"]

1. e4 c5 2. Nf3 d6 3. d4 cxd4 4. Qxd4 Nc6 5. Bb5 Bd7 6. Bxc6 Bxc6 7. Nc3 Nf6 
8. Bg5 Qa5 9. O-O-O Nd7 10. Kb1 Nc5 11. Bc1 e6 12. Rhe1 O-O-O 13. Nd2 Na4 
14. Nxa4 Qxa4 15. Nc4 d5 16. b3 Qb5 17. exd5 Bxd5 18. Bf4 Qc5 19. Qe5 b5 
20. Ne3 Bd6 21. Qg5 Bxf4 22. Qxf4 Rhf8 23. Qg5 Qc3 24. Qe7 Be4 25. Qxa7 Qc6 
26. Qe7 Qc3 27. Qa3 f5 28. Qa6+ Kc7 29. Qxb5 Rd6 30. Rxd6 Rh8 
1-0

[Event "34th Chess Olympiad (men)"]
[Site "Istanbul"]
[Date "2000.10.29"]
[Round "2.15.3"]
[White "Mera, Cedeno Angel"]
[Black "Komliakov, Viktor"]
[WhiteElo "2376"]
[BlackElo "2453"]
[WhiteCountry "ECU"]
[BlackCountry "MDA"]
[Result "0-1"]

1. d4 d5 2. Nf3 Nf6 3. c4 c6 4. cxd5 cxd5 5. Nc3 Nc6 6. Bf4 a6 7. e3 Bg4 
8. h3 Bxf3 9. Qxf3 e6 10. a3 Bd6 11. Be2 Bxf4 12. Qxf4 O-O 13. O-O Rc8 
14. Na4 Ne4 15. b4 a5 16. b5 Ne7 17. Rac1 Ng6 18. Qh2 Qe7 19. Rxc8 Rxc8 
20. Nb6 Rc7 21. Na8 Rc8 22. Nb6 Rd8 23. Ra1 e5 24. dxe5 Qc7 
0-1

[Event "34th Chess Olympiad (men)"]
[Site "Istanbul"]
[Date "2000.10.29"]
[Round "2.16.3"]
[White "Geenen, Marc"]
[Black "Inarkiev, Ernesto"]
[WhiteElo "2346"]
[BlackElo "2432"]
[WhiteCountry "BEL"]
[BlackCountry "KGZ"]
[Result "0-1"]

1. e4 c5 2. Nf3 Nc6 3. d4 cxd4 4. Nxd4 g6 5. Nc3 Bg7 6. Be3 Nf6 7. Bc4 O-O 
8. Bb3 d6 9. f3 Bd7 10. h4 a5 11. a4 Nxd4 12. Bxd4 Be6 13. Qd2 Bxb3 
14. cxb3 Qc8 15. Nb5 Qd7 16. O-O Rfc8 17. Rac1 Rc6 18. Rc4 Rac8 19. Rfc1 Qd8 
20. Rxc6 Rxc6 21. Rxc6 bxc6 22. Na3 d5 23. exd5 Qxd5 24. Bc3 Qxb3 25. Qd8+ Bf8 
26. Qd4 c5 27. Qxc5 Qxa4 28. Qxa5 Qxh4 29. Qe5 Qa4 30. Nb5 Qd1+ 31. Kf2 Qd5 
32. Nc7 Qd7 33. b4 Bg7 34. Qc5 Qd3 35. Nb5 h5 36. Kg1 h4 37. Bd4 h3 
38. gxh3 Qxf3 39. Qxe7 Qg3+ 40. Kf1 Qxh3+ 41. Ke1 Qh1+ 42. Kd2 Qd5 43. Ke1 Qxb5 
44. Qxf6 Qxb4+ 45. Kd1 Qb1+ 46. Kd2 Qf5 47. Ke3 g5 1-0

[Event "34th Chess Olympiad (men)"]
[Site "Istanbul"]
[Date "2000.10.29"]
[Round "2.16.4"]
[White "Umarbekov, Azyz"]
[Black "Van, Beers Eddy"]
[WhiteElo "2000"]
[BlackElo "2346"]
[WhiteCountry "KGZ"]
[BlackCountry "BEL"]
[Result "0-1"]

1. e4 c5 2. Nc3 Nc6 3. g3 g6 4. Bg2 Bg7 5. Nge2 e6 6. O-O Nge7 7. d3 O-O 
8. Be3 Nd4 9. Qd2 d6 10. Rae1 Rb8 11. Nc1 b5 12. Nd1 b4 13. c3 bxc3 
14. bxc3 Ndc6 15. h3 Qa5 16. h4 f6 17. h5 Ne5 18. hxg6 hxg6 19. f4 Nf7 
20. g4 Ne5 21. Bxc5 dxc5 22. g5 c4 23. d4 Qb6 24. Qd3 Nxd3 25. Nxd3 cxd3 
26. f5 d2 27. gxf6 Rxf6 28. Re2 Rb7 29. Rxd2 Rf7 30. Kf2 Kf8 31. Ke2 Qa5 
32. Ke1 Rb2 33. Nxb2 Bxd4 34. cxd4 
0-1